Proceeding[s] of the third Symposium on Antarctic Meteorites /

Bibliographic Details
Corporate Author: Symposium on Antarctic Meteorites Tokyo, Japan
Other Authors: Nagata, Takeshi, 1913-1991
Format: Conference Proceeding Book
Language:English
Japanese
Published: Tokyo : National Institute of Polar Research, 1979.
Series:Memoirs of National Institute of Polar Research. Special issue ; no. 12.
Subjects:

MARC

Tag First Indicator Second Indicator Subfields
LEADER 00000cam a2200000 a 4500
001 in00000070745
005 20151008061903.0
008 801002s1979 ja ab b f10010 engm
010 |a  80499855  
015 |a Ja*** 
035 |a (OCoLC)05578197 
035 |9 AAJ9061AM 
040 |a DLC  |c DLC  |d m.c.  |d TXA  |d UtOrBLW 
041 0 |a eng  |a jpn 
043 |a t------ 
049 |a TXAM  |c [800180] 
050 0 0 |a QB754.8  |b .S93 1978 
082 0 |a 523.5/1/09989  |2 19 
111 2 |a Symposium on Antarctic Meteorites  |n (3rd :  |d 1978 :  |c Tokyo, Japan) 
245 1 0 |a Proceeding[s] of the third Symposium on Antarctic Meteorites /  |c edited by Takesi Nagata. 
264 1 |a Tokyo :  |b National Institute of Polar Research,  |c 1979. 
300 |a i, 282 pages :  |b illustrations, maps ;  |c 27 cm. 
336 |a text  |b txt  |2 rdacontent 
337 |a unmediated  |b n  |2 rdamedia 
338 |a volume  |b nc  |2 rdacarrier 
490 1 |a Memoirs of National Institute of Polar Research. Special issue,  |x 0386-0744 ;  |v no. 12 
500 |a Held in Tokyo, Feb. 23-24, 1978. 
500 |a "Continuation of the previous two symposia on Yamato meteorites which were held in 1976-1977. The objects of the present symposium have been enlarged from "Yamato meteorites" to "Antarctic meteorites"." 
504 |a Includes bibliographies. 
650 0 |a Meteorites  |z Antarctica  |x Congresses. 
700 1 |a Nagata, Takeshi,  |d 1913-1991. 
830 0 |a Memoirs of National Institute of Polar Research.  |p Special issue ;  |v no. 12. 
999 |a MARS 
999 f f |s 65bfe835-5b85-3d45-901e-4d1d0deb3f4f  |i 66c20c8f-3b5b-3030-af9b-b6e5f7ac3368  |t 0 
952 f f |p ric  |a Texas A&M University  |b Rellis Campus  |c Joint Library Facility  |d Remote Storage  |t 0  |e QB754.8 .S93 1978  |h Library of Congress classification  |i unmediated -- volume  |m A14806206693 
998 f f |a QB754.8 .S93 1978  |t 0  |l Remote Storage